000 00622nam a2200205Ia 4500
005 20250508160101.0
008 008 250505s9999 xx 000 0 eng d
037 _aTextual
040 _aFEDL
_beng
_cFEDL
041 _aeng
_2eng
084 _a370.15, FRA
_qFEDL
100 _aFrandsen Arden N.
_9760729
245 0 _aHow children learn : An educational psychology
260 _aNew York, USA
_bMcGraw Hill Book Company
_c1957
300 _a546p.
490 _aMcGraw-Hill Series in Education
650 _aEdcuation-Psychology
_9756182
942 _cTEXL
_h370.15, FRA
999 _c1361573
_d1361573